Joueur(euse) de Football par photo (3) - Statistiques

Statistiques générales
  • Ce quiz a été pris 165 fois
  • Le résultat moyen est 21 sur 28
Statistiques - réponses
Par images Réponse % Correct
Erling Haaland
100%
Karim Benzema
98%
Kevin De Bruyne
98%
Harry Kane
97%
Alexandre Lacazette
96%
Jude Bellingham
96%
Achraf Hakimi
95%
João Neves
94%
Riyad Mahrez
92%
Rodri
89%
Jan Oblak
88%
Martin Ødegaard
84%
Rúben Dias
84%
Florian Wirtz
83%
Jeremie Frimpong
80%
Gabriel
73%
Maghnes Akliouche
73%
Manuel Akanji
73%
Serhou Guirassy
72%
Julian Brandt
68%
Gregor Kobel
62%
Viktor Gyökeres
62%
Lisandro Martínez
61%
Florian Sotoca
50%
Ethan Nwaneri
42%
Guro Reiten
18%
Caroline Graham
17%
Athenea
14%
Aucun quiz correspondant
Distribution des résultats
% des personnes avec chaque résultat
Percentile par nombre de réponses
Votre historique - résultats
Vous n’avez pas pris ce quiz